| 000 | 00696nam a2200205 i 4500 | ||
|---|---|---|---|
| 001 | 170026 | ||
| 003 | ES-MaACL | ||
| 005 | 20230906214251.0 | ||
| 008 | 090114s1951 fr |||| | fre d | ||
| 080 | _a821.133.1-293 | ||
| 100 | 1 |
_aBréal, Pierre-Aristide. _9139182 |
|
| 245 | 1 | 0 |
_aEdmée _b: comédie-farce en trois actes / _cP.-A. Bréal. |
| 260 |
_aParis : _b[s.n.], _c1951 ( _fPersan-Beaumont) |
||
| 300 |
_a32 p. ; _c27 cm. |
||
| 490 | 1 |
_aOpera : supplément théatral ; _v43 |
|
| 500 | _aCubierta il. con fot. | ||
| 830 | 0 |
_aOpera : supplément théatral ; _v43 _9188914 |
|
| 852 | 4 |
_aES-MaACL _jE-12381(7) _9R.140538 _z. - Biblioteca Jacinto Martínez Lacalle |
|
| 999 |
_c170026 _d170026 |
||